[Event "BRA-ch U16"]
[Site "Florianopolis"]
[Date "2021.07.02"]
[Round "2"]
[White "Della Giustina, Daniel Oenning"]
[Black "Rodrigues Mota, Romulo Cardoso S"]
[Result "0-1"]
[WhiteElo "1216"]
[BlackElo "1695"]
[PlyCount "52"]
[EventDate "2021.07.01"]
[EventType "swiss"]
[EventRounds "6"]
[EventCountry "BRA"]
[SourceTitle "CBM 203 Extra"]
[Source "ChessBase"]
[SourceDate "2021.09.30"]
[SourceVersion "1"]
[SourceVersionDate "2021.09.30"]
[SourceQuality "1"]

1. e4 c5 2. Nf3 d6 3. d4 cxd4 4. Nxd4 Nf6 5. Nc3 g6 6. Bc4 Bg7 7. h3 Nc6 8. Nxc6 bxc6 9. 0-0 0-0 10. Re1 Be6 11. Bxe6 fxe6 12. f4 Nh5 13. f5 exf5 14. exf5 Rxf5 15. g4 Re5 16. Rxe5 Bxe5 17. gxh5 Qb6+ 18. Kg2 Rf8 19. Qe1 gxh5 20. Qe2 Kh8 21. Ne4 Rg8+ 22. Kf3 Qg1 23. Nf2 Qg3+ 24. Ke4 d5+ 25. Kf5 Qg6+ 26. Kxe5 Qf6# 0-1

[Event "BRA-ch U16"]
[Site "Florianopolis"]
[Date "2021.07.01"]
[Round "1"]
[White "Correa, Joao Pedro Vieira"]
[Black "Della Giustina, Daniel Oenning"]
[Result "1-0"]
[WhiteElo "1758"]
[BlackElo "1216"]
[PlyCount "131"]
[EventDate "2021.07.01"]
[EventType "swiss"]
[EventRounds "6"]
[EventCountry "BRA"]
[SourceTitle "CBM 203 Extra"]
[Source "ChessBase"]
[SourceDate "2021.09.30"]
[SourceVersion "1"]
[SourceVersionDate "2021.09.30"]
[SourceQuality "1"]

1. e4 e5 2. Nf3 Nc6 3. Bb5 a6 4. Ba4 Nf6 5. 0-0 Bc5 6. c3 d6 7. d4 exd4 8. cxd4 b5 9. dxc5 bxa4 10. Qxa4 Bd7 11. cxd6 cxd6 12. Qc2 0-0 13. h3 h6 14. Nc3 Re8 15. Bf4 Ne5 16. Nd4 Rc8 17. Qe2 Qb6 18. Bxe5 dxe5 19. Nf3 Bc6 20. Rad1 Nxe4 21. Nxe4 Bb5 22. Qe1 Bxf1 23. Nd6 Rcd8 24. Nxe8 Rxd1 25. Qxd1 Bb5 26. Nd6 Qd8 27. Qd5 Bc4 28. Qxc4 Qxd6 29. Qc8+ Kh7 30. Qf5+ Kg8 31. Qxe5 Qb4 32. Qc3 Qd6 33. Qc8+ Kh7 34. Qf5+ Kg8 35. Ne5 Qd1+ 36. Kh2 Qd6 37. Qxf7+ Kh8 38. Qf8+ Qxf8 39. Ng6+ Kg8 40. Nxf8 Kxf8 41. b4 Ke7 42. a4 Kd6 43. Kg3 Kd5 44. Kf4 Kc4 45. b5 axb5 46. axb5 Kxb5 47. Kf5 Kc4 48. Kg6 Kd3 49. Kxg7 Ke2 50. f4 Kf2 51. Kxh6 Kg3 52. f5 Kxg2 53. h4 Kg3 54. h5 Kg4 55. f6 Kf5 56. f7 Ke5 57. f8Q Kd5 58. Kg5 Kd4 59. h6 Kd5 60. h7 Kd4 61. h8Q+ Kd5 62. Qd8+ Ke4 63. Qdd4+ Kf3 64. Qh3+ Ke2 65. Qg2+ Ke1 66. Qdd2# 1-0

[Event "Santa Catarina-ch 64th "]
[Site "Lages"]
[Date "2020.02.15"]
[Round "4"]
[White "Della Giustina, Daniel Oenning"]
[Black "Henriquetta, Rafael Stolf"]
[Result "0-1"]
[WhiteElo "1334"]
[BlackElo "1425"]
[PlyCount "112"]
[EventDate "2020.02.14"]
[EventType "swiss"]
[EventRounds "6"]
[EventCountry "BRA"]
[SourceTitle "CBM 195 Extra"]
[Source "ChessBase"]
[SourceDate "2020.05.31"]
[SourceVersion "1"]
[SourceVersionDate "2020.05.31"]
[SourceQuality "1"]

1. e4 c5 2. Nf3 g6 3. d4 cxd4 4. Qxd4 Nf6 5. Nc3 Nc6 6. Qd1 d6 7. Bg5 Bg7 8. Bc4 0-0 9. 0-0 a6 10. a3 b5 11. Ba2 Bb7 12. Re1 h6 13. Bd2 Rc8 14. h3 Na5 15. Qc1 Kh7 16. b3 Nd7 17. Nh2 Bxc3 18. Bxc3 Rxc3 19. Qd2 Qc7 20. Rac1 Ba8 21. Ng4 g5 22. h4 Rg8 23. b4 Nb7 24. Bxf7 Rg7 25. Bd5 Nf6 26. Nxf6+ exf6 27. hxg5 fxg5 28. e5 dxe5 29. Re4 Nd6 30. Rxe5 Bxd5 31. Rxd5 Ne4 32. Qe2 Rc4 33. Qd3 Qf4 34. Rf1 Rc3 35. Qd4 Rc4 36. Qd3 Rc3 37. Qd4 Rc4 38. Qd3 Kh8 39. Rd8+ Rg8 40. Rxg8+ Kxg8 41. Qd8+ Kg7 42. Qe7+ Qf7 43. Qe5+ Qf6 44. Qxf6+ Kxf6 45. f3 Nd6 46. Rd1 Ke7 47. Rd2 Rc3 48. Re2+ Kd7 49. Kf2 Rxa3 50. Rd2 Rc3 51. Kg3 Rc4 52. Rd1 Rxb4 53. Ra1 Ra4 54. Rd1 a5 55. Rd5 Rc4 56. Rd2 a4 0-1